00784nam a22001937a 4500999001900000005001700019010001500036020002600051035001400077037000900091082001100100100001800111245009600129260005800225270012700283300001900410942002500429952013600454 c185526d18552620220203143236.0 aENG-131381 a9789390531691c550.00 aEN-114913 bDBAD a954.02 aMenon, Sujata aA History of Medieval India:bFor UPSC and State Civil Services Examinations/cSujata Menon aUttar PradeshbPearson India Education Servicesc2022 a15th Flooor, Tower-B, World Trade Tower, Plot No. 1, Block-C, Sector-16bNoidae201301mcompanysecretary.india@pearson.com avp.c25cm(pbk) 2ddccENh954.02mMEN 001040708NFICaBNbBNd2022-02-03eDBAD/PUBg550.00l7m2o954.02 MENpEN-114913r2026-01-19 00:00:00s2025-12-01t1v550.00yEN